000 00336 a2200157 4500
001 149027
040 _cEscola São Tomás de Aquino
100 _aMACHADO, Angelo
240 1 0 _aGarganta
_lpor
245 1 0 _aGarganta
300 _a30
362 0 _a2011
440 1 _aNova Fronteira
697 _a*LITERATURA INFANTO
942 _cBK
999 _c149027
_d149027